[Event "Calvia Amateur op 19th"]
[Site "Calvia"]
[Date "2022.10.16"]
[Round "9"]
[White "Schmitt, Carsten1111"]
[Black "Bauer, Dieter"]
[Result "1-0"]
[WhiteElo "1891"]
[BlackElo "1689"]
[PlyCount "87"]
[EventDate "2022.10.08"]
[EventType "swiss"]
[EventRounds "9"]
[EventCountry "ESP"]
[SourceTitle "CBM 210 Extra"]
[Source "ChessBase"]
[SourceDate "2022.11.30"]
[SourceVersion "1"]
[SourceVersionDate "2022.11.30"]
[SourceQuality "1"]

1. c4 c5 2. g3 g6 3. Bg2 Bg7 4. Nc3 Nc6 5. a3 d6 6. Rb1 a5 7. d3 e5 8. e4 Nge7 9. Nge2 0-0 10. 0-0 f5 11. f4 exf4 12. gxf4 fxe4 13. dxe4 Nd4 14. Nxd4 Bxd4+ 15. Kh1 Bd7 16. Qd3 a4 17. Be3 Bxe3 18. Qxe3 Be6 19. Qd3 Qb6 20. Nd5 Nxd5 21. cxd5 Bd7 22. Qc3 Bb5 23. Bh3 Bxf1 24. Be6+ Rf7 25. Bxf7+ Kxf7 26. Rxf1 Qa5 27. e5 Qxc3 28. bxc3 Ra5 29. e6+ Ke8 30. h4 Rb5 31. h5 Rb3 32. Rg1 Rxa3 33. hxg6 hxg6 34. Rxg6 Rxc3 35. f5 Rh3+ 36. Kg2 Rh8 37. f6 b5 38. Rg7 Rf8 39. Re7+ Kd8 40. Rd7+ Kc8 41. f7 Rh8 42. Ra7 Kb8 43. Rd7 Rh6 44. f8Q# 1-0

[Event "Rottach Egern Seniors Cup 10th"]
[Site "Rottach Egern"]
[Date "2022.03.28"]
[Round "3"]
[White "Bauer, Dieter"]
[Black "Oswald Meister, Heidi"]
[Result "1-0"]
[WhiteElo "1698"]
[BlackElo "1308"]
[PlyCount "139"]
[EventDate "2022.03.26"]
[EventType "swiss"]
[EventRounds "9"]
[EventCountry "GER"]
[SourceTitle "CBM 207 Extra"]
[Source "ChessBase"]
[SourceDate "2022.05.31"]
[SourceVersion "1"]
[SourceVersionDate "2022.05.31"]
[SourceQuality "1"]

1. c4 e5 2. g3 Nf6 3. Bg2 c6 4. Nf3 e4 5. Nd4 d5 6. cxd5 Qxd5 7. Nb3 Qe5 8. Qc2 Be7 9. Na3 Bxa3 10. bxa3 Nbd7 11. Bb2 Qe6 12. Nd4 Qg4 13. Nb3 0-0 14. Na5 Re8 15. Nc4 Nd5 16. Ne3 Nxe3 17. dxe3 Rb8 18. 0-0 Qg6 19. Rfd1 Nf6 20. Bd4 Bf5 21. Rab1 Qh5 22. Bxf6 gxf6 23. Rd2 Bg6 24. Rd7 Qe5 25. Qb2 Qxb2 26. Rxb2 Red8 27. Rbd2 Rxd7 28. Rxd7 Bf5 29. Rd2 b5 30. f3 exf3 31. exf3 Kg7 32. Kf2 Be6 33. Ke1 c5 34. Kd1 a5 35. f4 c4 36. Bd5 c3 37. Rd4 Bxd5 38. Rxd5 Rc8 39. Rxb5 c2+ 40. Kc1 Rc3 41. Rxa5 Rxe3 42. Kxc2 Re2+ 43. Kb3 Rxh2 44. Rc5 Rh3 45. Rc3 h5 46. a4 f5 47. a5 h4 48. gxh4 Rxh4 49. Rc4 Rh8 50. Ra4 Rb8+ 51. Kc4 f6 52. a6 Kf7 53. Kc5 Ke7 54. Kc6 Kd8 55. a3 Kc8 56. Rb4 Ra8 57. Rb6 Ra7 58. Kb5 Kc7 59. Rxf6 Ra8 60. Rxf5 Rb8+ 61. Kc5 Rb3 62. Rf7+ Kb8 63. a4 Ka8 64. f5 Rb1 65. f6 Rf1 66. Kd6 Ra1 67. Rc7 Rxa4 68. f7 Rxa6+ 69. Rc6 Kb7 70. Rxa6 1-0

[Event "Rottach Egern Seniors Cup 10th"]
[Site "Rottach Egern"]
[Date "2022.03.27"]
[Round "2"]
[White "Schwarz, Hans"]
[Black "Bauer, Dieter"]
[Result "1-0"]
[WhiteElo "1879"]
[BlackElo "1698"]
[PlyCount "109"]
[EventDate "2022.03.26"]
[EventType "swiss"]
[EventRounds "9"]
[EventCountry "GER"]
[SourceTitle "CBM 207 Extra"]
[Source "ChessBase"]
[SourceDate "2022.05.31"]
[SourceVersion "1"]
[SourceVersionDate "2022.05.31"]
[SourceQuality "1"]

1. e4 d6 2. Nc3 Nf6 3. f4 Nbd7 4. Nf3 e5 5. Bc4 Be7 6. d3 0-0 7. 0-0 c6 8. a4 a5 9. Qe1 Qc7 10. Kh1 Nb6 11. Bb3 Bd7 12. Bd2 Be8 13. Ne2 Nbd7 14. Ng3 Nc5 15. Ba2 Bd7 16. f5 b6 17. Bb1 Rae8 18. Bc3 Bd8 19. b4 axb4 20. Bxb4 Na6 21. Ba3 c5 22. Bb2 Bc6 23. Ba2 Nb4 24. Bb3 Qb8 25. Bc3 Be7 26. Bxb4 cxb4 27. Qxb4 d5 28. Qe1 Bc5 29. exd5 Nxd5 30. Ne4 Be7 31. Qf2 Nf6 32. Ned2 Bc5 33. Qh4 Qb7 34. Rae1 Re7 35. Re2 h6 36. Rfe1 Rfe8 37. Ne4 Bxe4 38. dxe4 Rd8 39. Bc4 Qc7 40. Bd3 Red7 41. g4 Be7 42. Qg3 Qc3 43. Qxe5 Qxe5 44. Nxe5 Rc7 45. h3 Rd4 46. Bb5 Bb4 47. Nf3 Rd8 48. Rb1 Be7 49. Ne5 Rdc8 50. c4 Rc5 51. Nd3 R5c7 52. e5 Nd7 53. Nf4 Nc5 54. Nd5 Ra7 55. Nxb6 1-0

[Event "Rottach Egern Seniors Cup 10th"]
[Site "Rottach Egern"]
[Date "2022.03.26"]
[Round "1"]
[White "Bauer, Dieter"]
[Black "Haserodt, Jan"]
[Result "0-1"]
[WhiteElo "1698"]
[BlackElo "2004"]
[PlyCount "78"]
[EventDate "2022.03.26"]
[EventType "swiss"]
[EventRounds "9"]
[EventCountry "GER"]
[SourceTitle "CBM 207 Extra"]
[Source "ChessBase"]
[SourceDate "2022.05.31"]
[SourceVersion "1"]
[SourceVersionDate "2022.05.31"]
[SourceQuality "1"]

1. c4 Nc6 2. g3 e5 3. Bg2 f5 4. e3 Nf6 5. d3 d5 6. cxd5 Nxd5 7. a3 Be6 8. Ne2 Be7 9. Nbc3 0-0 10. 0-0 Nxc3 11. bxc3 Bd5 12. c4 Bxg2 13. Kxg2 Bf6 14. Rb1 b6 15. Qc2 Qd7 16. Rd1 Rad8 17. Nc3 Ne7 18. Bb2 Qc6+ 19. Kg1 Rd7 20. Qe2 Rfd8 21. Rbc1 Qe6 22. Kg2 c6 23. g4 fxg4 24. Ne4 Nf5 25. Kh1 Nh6 26. c5 Be7 27. cxb6 axb6 28. Qc2 c5 29. Qc3 Nf7 30. a4 Qf5 31. Qc4 Kh8 32. Kg1 Nd6 33. Nxd6 Rxd6 34. e4 Qf4 35. Rc2 Rh6 36. Qb5 Qxh2+ 37. Kf1 Qh1+ 38. Ke2 Qf3+ 39. Kd2 Bg5+ 0-1

[Event "Bad Griesbach Seniors op 23rd"]
[Site "Bad Griesbach"]
[Date "2021.11.18"]
[Round "5"]
[White "Sierian, Peter"]
[Black "Bauer, Dieter"]
[Result "1/2-1/2"]
[WhiteElo "1780"]
[BlackElo "1682"]
[PlyCount "116"]
[EventDate "2021.11.14"]
[EventType "swiss"]
[EventRounds "7"]
[EventCountry "GER"]
[SourceTitle "EXT 2024"]
[Source "ChessBase"]
[SourceDate "2023.10.10"]
[SourceVersion "1"]
[SourceVersionDate "2023.10.10"]
[SourceQuality "1"]

1. d4 d6 2. Nf3 Nf6 3. g3 Nbd7 4. d5 Nb6 5. Nc3 e5 6. e4 Be7 7. Bg2 c6 8. dxc6 bxc6 9. 0-0 0-0 10. Re1 a5 11. a4 Re8 12. b3 Qc7 13. Bb2 Rb8 14. Qd2 Nc4 15. Qc1 Nxb2 16. Qxb2 Qa7 17. h3 Qc5 18. Nd1 Ba6 19. Qc3 Qxc3 20. Nxc3 Rb4 21. Bf1 Bc8 22. Rad1 h6 23. Kg2 Be6 24. Nd2 Kf8 25. Nc4 Bxc4 26. Bxc4 Rbb8 27. Re2 Nd7 28. Red2 Nc5 29. f3 Ne6 30. h4 g6 31. Ne2 Nc5 32. Nc1 Rb6 33. Nd3 Nxd3 34. Rxd3 Rbb8 35. R3d2 Rbd8 36. Ba6 Rb8 37. Bc4 Rbd8 38. Ba6 Rb8 39. Bc4 Red8 40. Rd3 Kg7 41. R3d2 Rf8 42. Re2 Rfe8 43. Rh1 h5 44. Rd1 Rf8 45. Red2 Rfd8 46. Re2 Re8 47. Red2 Rf8 48. Re2 Rfe8 49. Red2 Red8 50. Re2 Kf8 51. Red2 Rb6 52. Re2 Rbb8 53. Red2 Kg7 54. Re2 Re8 55. Red2 Rbd8 56. Ba6 Rb8 57. Bc4 Red8 58. Re2 Rf8 1/2-1/2

[Event "Bad Griesbach Seniors op 23rd"]
[Site "Bad Griesbach"]
[Date "2021.11.17"]
[Round "4"]
[White "Bauer, Dieter"]
[Black "Langer, Dagobert"]
[Result "0-1"]
[WhiteElo "1682"]
[BlackElo "1658"]
[PlyCount "125"]
[EventDate "2021.11.14"]
[EventType "swiss"]
[EventRounds "7"]
[EventCountry "GER"]
[SourceTitle "EXT 2024"]
[Source "ChessBase"]
[SourceDate "2023.10.10"]
[SourceVersion "1"]
[SourceVersionDate "2023.10.10"]
[SourceQuality "1"]

1. c4 Nf6 2. g3 e6 3. Nf3 b6 4. Bg2 Bb7 5. 0-0 c5 6. b3 g6 7. Bb2 Bg7 8. d3 0-0 9. Nbd2 d6 10. Qc2 Nc6 11. a3 d5 12. e3 Rb8 13. cxd5 exd5 14. d4 Nd7 15. Rfe1 Re8 16. Rac1 Qf6 17. Rb1 Qd6 18. Rbd1 Re7 19. dxc5 Nxc5 20. Bxg7 Kxg7 21. Qb2+ Kg8 22. Nb1 Ne4 23. Nd4 Qf6 24. Re2 Nxd4 25. Rxd4 Rc8 26. Rc2 Rec7 27. Rxc7 Rxc7 28. h4 Qe7 29. Nd2 Nc3 30. Nf3 Ba6 31. Rd2 Qc5 32. Nd4 Qe7 33. Nf3 h6 34. Nh2 h5 35. Nf3 f6 36. Nd4 Qe5 37. Nf3 Qe7 38. Nd4 Bb7 39. Nf3 Ne4 40. Rc2 Rc5 41. Nd4 Kf7 42. Qc1 Rxc2 43. Qxc2 Qxa3 44. Nb5 Qe7 45. Nd4 Qc5 46. Qa2 a5 47. b4 Qc4 48. Qa4 Ke7 49. Bh3 f5 50. Bf1 Nc3 51. Qc2 Qxb4 52. Ba6 Ba8 53. Bc8 Qb1+ 54. Qxb1 Nxb1 55. Nb5 a4 56. Nd4 Kd6 57. Be6 Bc6 58. Bf7 b5 59. Bxg6 a3 60. Nb3 b4 61. Bxf5 a2 62. Bc2 Ba4 63. Nc5 0-1

[Event "Rottach Egern Seniors Cup 9th"]
[Site "Rottach Egern"]
[Date "2021.10.27"]
[Round "6"]
[White "Walter, Mario E"]
[Black "Bauer, Dieter"]
[Result "1/2-1/2"]
[WhiteElo "1878"]
[BlackElo "1691"]
[PlyCount "59"]
[EventDate "2021.10.22"]
[EventType "swiss"]
[EventRounds "7"]
[EventCountry "GER"]
[SourceTitle "CBM 204 Extra"]
[Source "ChessBase"]
[SourceDate "2021.11.30"]
[SourceVersion "1"]
[SourceVersionDate "2021.11.30"]
[SourceQuality "1"]

1. e4 d6 2. d4 Nf6 3. f3 e5 4. dxe5 dxe5 5. Qxd8+ Kxd8 6. Bc4 Be6 7. Bxe6 fxe6 8. Be3 Bd6 9. Nd2 Ke7 10. Ne2 Nbd7 11. a4 a6 12. a5 Rag8 13. Nc4 g5 14. Kf2 g4 15. h3 h5 16. Rh2 gxf3 17. gxf3 Rg6 18. Rg1 Rxg1 19. Kxg1 Rg8+ 20. Rg2 Kf7 21. Rxg8 Kxg8 22. Kf2 Kf7 23. Kg3 Kg6 24. Nc1 Nh7 25. Nd3 Ng5 26. Nd2 Nf7 27. Nb3 Nd8 28. Nbc5 Nxc5 29. Bxc5 Nc6 30. b4 1/2-1/2

[Event "Rottach Egern Seniors Cup 9th"]
[Site "Rottach Egern"]
[Date "2021.10.23"]
[Round "2"]
[White "Stern, Geoffrey"]
[Black "Bauer, Dieter"]
[Result "0-1"]
[WhiteElo "1937"]
[BlackElo "1691"]
[PlyCount "98"]
[EventDate "2021.10.22"]
[EventType "swiss"]
[EventRounds "7"]
[EventCountry "GER"]
[SourceTitle "CBM 204 Extra"]
[Source "ChessBase"]
[SourceDate "2021.11.30"]
[SourceVersion "1"]
[SourceVersionDate "2021.11.30"]
[SourceQuality "1"]

1. d4 d6 2. Nc3 e5 3. Nf3 Nd7 4. e4 Ngf6 5. Bc4 Be7 6. h3 0-0 7. Be3 c6 8. dxe5 dxe5 9. a4 Qc7 10. Qe2 Bb4 11. Nd2 Bxc3 12. bxc3 Qa5 13. 0-0 Qxc3 14. g4 Qb4 15. f4 exf4 16. Rxf4 Ne5 17. Bb3 Ng6 18. Rxf6 gxf6 19. Qf2 Be6 20. Bc5 Qa5 21. Bxf8 Rxf8 22. Rf1 Qc3 23. Nf3 Bxb3 24. cxb3 Qxb3 25. Nd4 Qxh3 26. Qxf6 Qxg4+ 27. Kh2 Qh4+ 28. Qxh4 Nxh4 29. Kg3 Ng6 30. Nf5 Re8 31. Kf3 Ne5+ 32. Kf4 f6 33. Nd6 Rb8 34. Kf5 b5 35. Rg1+ Ng6 36. Kxf6 Rf8+ 37. Ke6 b4 38. e5 b3 39. Nc4 Rb8 40. Rg2 Rb4 41. Nb2 Re4 42. Nd3 Re3 43. Rd2 Rxd3 44. Rg2 Re3 45. a5 Rxe5+ 46. Kf6 Rb5 47. Rb2 c5 48. a6 c4 49. Re2 Rb6+ 0-1

[Event "Gibraltar Amateur op-A"]
[Site "Caleta"]
[Date "2019.01.22"]
[Round "2"]
[White "Bauer, Dieter"]
[Black "Garcia Blazquez, Perez Manuel"]
[Result "1/2-1/2"]
[WhiteElo "1714"]
[BlackElo "1849"]
[PlyCount "110"]
[EventDate "2019.01.21"]
[EventType "swiss"]
[EventRounds "5"]
[EventCountry "GGB"]
[SourceTitle "CBM 188 Extra"]
[Source "ChessBase"]
[SourceDate "2019.02.26"]
[SourceVersion "1"]
[SourceVersionDate "2019.02.26"]
[SourceQuality "1"]

1. c4 f5 2. g3 Nf6 3. Bg2 g6 4. d3 Bg7 5. e3 0-0 6. Ne2 d6 7. Nbc3 e5 8. 0-0 Nc6 9. Rb1 h6 10. f4 g5 11. b4 Qe8 12. b5 Ne7 13. Ba3 a6 14. b6 exf4 15. gxf4 c5 16. Bc1 Ng6 17. Nd5 Nxd5 18. Bxd5+ Kh8 19. Ng3 gxf4 20. exf4 Bd4+ 21. Kh1 Rb8 22. Re1 Qd8 23. Qh5 Kg7 24. Qe2 Bd7 25. Nh5+ Kh7 26. Bb2 Re8 27. Qc2 Qh4 28. Rxe8 Rxe8 29. Bxd4 cxd4 30. Ng3 Bc8 31. Qf2 Qxf4 32. Qg1 Qe3 33. Nh5 Qxg1+ 34. Rxg1 Rf8 35. Re1 f4 36. Be4 Bg4 37. Nxf4 Rxf4 38. Bxb7 Bf3+ 39. Bxf3 Rxf3 40. b7 Rf7 41. Rb1 Rf8 42. Rb6 Rb8 43. Kg1 Nf4 44. Rxd6 Nxd3 45. Rxd4 Rxb7 46. a4 Nb4 47. c5 a5 48. Rc4 Rc7 49. c6 Nxc6 50. Rc5 Kg6 51. Kf2 Kf6 52. Ke3 Ke6 53. Ke4 Rh7 54. Rd5 Re7 55. Rh5 Kf6+ 1/2-1/2

[Event "Harkany Tenkes Cup 42nd"]
[Site "Harkany"]
[Date "2018.11.29"]
[Round "8"]
[White "Major, Balazs"]
[Black "Bauer, Dieter"]
[Result "1/2-1/2"]
[WhiteElo "1717"]
[BlackElo "1718"]
[PlyCount "111"]
[EventDate "2018.11.23"]
[EventType "swiss"]
[EventRounds "9"]
[EventCountry "HUN"]
[SourceTitle "CBM 187 Extra"]
[Source "ChessBase"]
[SourceDate "2018.11.04"]
[SourceVersion "1"]
[SourceVersionDate "2018.11.04"]
[SourceQuality "1"]

1. e4 d6 2. d4 Nf6 3. Nc3 e5 4. Nf3 exd4 5. Nxd4 Be7 6. Bc4 0-0 7. 0-0 Nxe4 8. Nxe4 d5 9. Bd3 dxe4 10. Bxe4 c6 11. Re1 Qc7 12. c3 Rd8 13. Qc2 g6 14. b3 Bf6 15. Nf3 Nd7 16. Ba3 Nf8 17. Rad1 Be6 18. c4 Rxd1 19. Rxd1 Rd8 20. Rxd8 Qxd8 21. Qd2 Qxd2 22. Nxd2 Nd7 23. Bd6 Be5 24. Bxe5 Nxe5 25. h3 Kf8 26. f4 Nd7 27. Kf2 Ke7 28. Ke3 Kd6 29. g4 f6 30. a3 Kc7 31. Kd4 c5+ 32. Ke3 b6 33. Bd3 Kd6 34. Be4 a5 35. a4 Nb8 36. Nf3 Nc6 37. Bxc6 Kxc6 38. Nd2 Kd6 39. Ne4+ Ke7 40. Ng3 Bd7 41. f5 g5 42. Ne4 Bc6 43. Nf2 Bg2 44. Ke2 Kd6 45. Kd3 Ke5 46. Ke3 Bf1 47. Kf3 h6 48. Ke3 Bg2 49. Nd3+ Kd6 50. Nf2 Bc6 51. Ne4+ Ke7 52. Kd3 Be8 53. Ke3 Bf7 54. Kd3 Bg8 55. Ke3 Bf7 56. Kd3 1/2-1/2

[Event "Wuerttemberg-ch KT"]
[Site "Stuttgart"]
[Date "2016.09.02"]
[Round "7"]
[White "Bauer, Dieter"]
[Black "Keller, Joachim"]
[Result "0-1"]
[WhiteElo "1724"]
[BlackElo "1901"]
[PlyCount "98"]
[EventDate "2016.08.27"]
[EventType "swiss"]
[EventRounds "9"]
[EventCountry "GER"]
[SourceTitle "EXT 2017"]
[Source "ChessBase"]
[SourceDate "2016.10.25"]
[SourceVersion "1"]
[SourceVersionDate "2016.10.25"]
[SourceQuality "1"]

1. d4 d5 2. Bg5 c6 3. c3 Bf5 4. Nd2 Nd7 5. e3 Ngf6 6. Ngf3 h6 7. Bf4 Bh7 8. Qb3 Qb6 9. Be2 e6 10. h3 c5 11. 0-0 c4 12. Qxb6 axb6 13. a3 Be7 14. Rfc1 b5 15. Bd1 0-0 16. Bc2 Bxc2 17. Rxc2 b4 18. cxb4 Bxb4 19. Rcc1 Be7 20. Ne5 Nxe5 21. Bxe5 b5 22. f3 Nd7 23. Bg3 Ra6 24. e4 Rfa8 25. Re1 Bf6 26. Bf2 b4 27. exd5 exd5 28. Rab1 bxa3 29. bxa3 c3 30. Nf1 Rxa3 31. Rb7 Nf8 32. Rb5 Ne6 33. Rxd5 Nf4 34. Rd7 Nd3 35. Re2 Ra2 36. Rxa2 Rxa2 37. Be3 Re2 38. Rc7 c2 39. d5 Rxe3 40. Rxc2 Re1 41. Rc4 Ne5 42. Rc8+ Kh7 43. f4 Ng6 44. g3 Rd1 45. Kg2 Rxd5 46. Rc7 Ne7 47. Ne3 Rd2+ 48. Kf3 Rd3 49. Ke4 Rxe3+ 0-1

[Event "Wuerttemberg-ch KT"]
[Site "Stuttgart"]
[Date "2016.09.02"]
[Round "8"]
[White "Yi, Danny"]
[Black "Bauer, Dieter"]
[Result "1-0"]
[WhiteElo "1835"]
[BlackElo "1724"]
[PlyCount "51"]
[EventDate "2016.08.27"]
[EventType "swiss"]
[EventRounds "9"]
[EventCountry "GER"]
[SourceTitle "EXT 2017"]
[Source "ChessBase"]
[SourceDate "2016.10.25"]
[SourceVersion "1"]
[SourceVersionDate "2016.10.25"]
[SourceQuality "1"]

1. e4 d6 2. d4 Nf6 3. Nc3 e5 4. Nf3 exd4 5. Nxd4 Be7 6. Bc4 0-0 7. 0-0 Nc6 8. Re1 Nxd4 9. Qxd4 c6 10. Bf4 Nh5 11. Be3 Be6 12. Be2 Nf6 13. Rad1 d5 14. exd5 Nxd5 15. Nxd5 Bxd5 16. c4 Be6 17. Qe4 Qa5 18. Bg4 Bxg4 19. Qxg4 Bf6 20. Qd7 Qxa2 21. Bc5 Rad8 22. Qxb7 Rxd1 23. Rxd1 Re8 24. Qxc6 Rb8 25. Bd6 Qb3 26. Re1 1-0

[Event "Wuerttemberg-ch KT"]
[Site "Stuttgart"]
[Date "2016.08.30"]
[Round "4"]
[White "Wendler, David"]
[Black "Bauer, Dieter"]
[Result "1-0"]
[WhiteElo "1912"]
[BlackElo "1724"]
[PlyCount "109"]
[EventDate "2016.08.27"]
[EventType "swiss"]
[EventRounds "9"]
[EventCountry "GER"]
[SourceTitle "EXT 2017"]
[Source "ChessBase"]
[SourceDate "2016.10.25"]
[SourceVersion "1"]
[SourceVersionDate "2016.10.25"]
[SourceQuality "1"]

1. e4 d6 2. d4 Nf6 3. Nc3 e5 4. Nf3 exd4 5. Nxd4 Be7 6. Be2 0-0 7. 0-0 a6 8. Be3 Re8 9. Re1 c5 10. Nb3 Bf8 11. Bf3 Nc6 12. Bf4 Ne5 13. Bxe5 Rxe5 14. Nc1 c4 15. N1e2 g5 16. h3 h5 17. Ng3 g4 18. hxg4 hxg4 19. Be2 b5 20. a3 Be6 21. Qd2 Nh5 22. Nxh5 Rxh5 23. g3 Bg7 24. Rad1 Be5 25. Bf1 Kg7 26. Bg2 Qh8 27. Ne2 Qh6 28. Nf4 Bxf4 29. Qxf4 Qxf4 30. gxf4 Rd8 31. Rd4 Kf8 32. Red1 Ke7 33. e5 d5 34. Bxd5 Bxd5 35. Rxd5 Rxd5 36. Rxd5 Rf5 37. Rd4 f6 38. Kf1 fxe5 39. fxe5 g3 40. f4 Rh5 41. b3 cxb3 42. cxb3 Rh2 43. Kg1 Rf2 44. a4 bxa4 45. Rxa4 a5 46. Rd4 Ke6 47. Re4 Rf3 48. b4 a4 49. Kg2 Rc3 50. b5 a3 51. Ra4 Rb3 52. b6 Rxb6 53. Rxa3 Kf5 54. Kxg3 Rh6 55. Ra8 1-0

[Event "Arber op Seniors 4th"]
[Site "Bodenmais"]
[Date "2016.08.07"]
[Round "9"]
[White "Bauer, Dieter"]
[Black "Gross Winter, Guenter"]
[Result "1-0"]
[WhiteElo "1724"]
[BlackElo "1416"]
[PlyCount "55"]
[EventDate "2016.07.30"]
[EventType "swiss"]
[EventRounds "9"]
[EventCountry "GER"]
[SourceTitle "EXT 2017"]
[Source "ChessBase"]
[SourceDate "2016.10.25"]
[SourceVersion "1"]
[SourceVersionDate "2016.10.25"]
[SourceQuality "1"]

1. c4 e5 2. Nc3 Nf6 3. g3 d5 4. cxd5 Nxd5 5. Bg2 Be6 6. d3 Nc6 7. Nf3 Nb6 8. a3 Be7 9. 0-0 h6 10. b4 Rb8 11. Be3 0-0 12. b5 Nd4 13. Nxe5 Bf6 14. f4 Re8 15. Rb1 Bxe5 16. fxe5 Nf5 17. Bf2 Qg5 18. Qc1 Qe7 19. Rd1 Red8 20. d4 a5 21. a4 Qd7 22. d5 Nxd5 23. Nxd5 Bxd5 24. e4 Qe7 25. exd5 Qxe5 26. Re1 Qf6 27. Qf4 Re8 28. Bh3 1-0

[Event "Arber op Seniors 4th"]
[Site "Bodenmais"]
[Date "2016.07.30"]
[Round "1"]
[White "Bauer, Dieter"]
[Black "Zuehlke, Burkhard"]
[Result "1/2-1/2"]
[WhiteElo "1724"]
[BlackElo "2052"]
[PlyCount "110"]
[EventDate "2016.07.30"]
[EventType "swiss"]
[EventRounds "9"]
[EventCountry "GER"]
[SourceTitle "EXT 2017"]
[Source "ChessBase"]
[SourceDate "2016.10.25"]
[SourceVersion "1"]
[SourceVersionDate "2016.10.25"]
[SourceQuality "1"]

1. e4 d6 2. d4 Nf6 3. Nc3 g6 4. Be3 c6 5. f3 Nbd7 6. Qd2 b5 7. Nce2 Nb6 8. Ng3 h5 9. h4 Bg7 10. 0-0-0 Qc7 11. Nh3 Bb7 12. Ng5 0-0 13. Nh3 e6 14. Bh6 Nh7 15. Bxg7 Kxg7 16. Nf4 Rh8 17. Kb1 Nf6 18. Nh3 Qe7 19. Qg5 Ng8 20. Qe3 Nh6 21. Nf2 e5 22. Qg5 Qxg5 23. hxg5 Ng8 24. dxe5 dxe5 25. Nd3 h4 26. Nc5 Rb8 27. Ne2 Ba8 28. Nc1 f6 29. gxf6+ Nxf6 30. Be2 Rbe8 31. b3 g5 32. Rd6 Kf7 33. Rhd1 Nc8 34. R6d2 Nb6 35. Bf1 Rc8 36. N1d3 Rhe8 37. Nf2 Rc7 38. Rd6 Nc8 39. R6d2 Nb6 40. Nfd3 Bb7 41. Nxb7 Rxb7 42. Nc5 Rc7 43. Rd8 Rxd8 44. Rxd8 Ke7 45. Rd2 Nbd7 46. Nxd7 Rxd7 47. Kc1 Rxd2 48. Kxd2 Kd6 49. Kc3 a5 50. a3 Nh5 51. b4 axb4+ 52. axb4 Nf4 53. Kd2 c5 54. bxc5+ Kxc5 55. c3 Nh5 1/2-1/2